Chinese 4 - Statistics

General Stats
  • This quiz has been taken 34 times
  • The average score is 24 of 60
Answer Stats
Hint Answer % Correct
I.
100%
To have.
100%
This.
100%
All, contextually describes groups of things, often people.
100%
To arrive/reach
100%
-ly, adverbial modifier.
100%
Middle.
100%
Raw.
100%
Year.
100%
Want.
100%
To go out, or to come out.
100%
To pass, to go through or to indicate something occured in the past.
100%
Small, little
100%
Heart, often used as an emotional modifier.
100%
Questionizer! Very similar to 吗. Very frequently follows 什 forming "what"
100%
Good, well, fine, okay.
100%
To become, succeed, complete, turn into.
100%
Only, just.
100%
Road, path, method. It's also the measure word for dishes.
100%
Type, category. It's also the measure word for types of things.
100%
To open, start, turn on.
100%
To see or meet.
100%
Bright, clear, to understand. It also combines with 天 to form "tomorrow"
100%
Already, done, finished
100%
Of or 's.
50%
A or one.
50%
Is.
50%
Come.
50%
Child or son.
50%
You.
50%
This.
50%
That, the opposite of 这.
50%
Follows a verb describing how the action was done.
50%
Inside or place.
50%
Self or oneself
50%
Home or family.
50%
Can.
50%
To study or learn. Indicates things being school related.
50%
Not, did not, have not. Frequently used with verbs in the past.
50%
To want, think, or miss.
50%
A compound mostly meaning work.
50%
Beautiful, pretty, good, pleasant.
50%
To give.
50%
To know or be aware of. Understanding a fact or situation.
50%
A person who, er, one who... It converts verbs and adjectives into nouns "reader, speaker, etc...".
50%
Heteronym.
0%
No, & the negation of most verbs.
0%
Person.
0%
Now or here.
0%
He.
0%
Measure word used mostly when discussing people.
0%
To attend, to be above, to go up, also to begin doing something.
0%
To be, often following 这 forming "this is".
0%
Big or great.
0%
For somebody or something.
0%
Speak.
0%
Country.
0%
Then, right after, or to indicate precision similar to "only" & "just" in English.
0%
And.
0%
She.
0%
Also.
0%
After or later.
0%
To use, or describe how something was done physically. It can also precede "我来看" to mean “In my opinion”
0%
Can, will, to know how to.
0%
Down, under, below.
0%
However, whereas. This is a very formal character.
0%
Day.
0%
To go.
0%
"To be able" This is similar to 会 but this time it is about a physical ability rather than knowing a skill.
0%
Right!
0%
Many, much, more.
0%
So, thus, correct, in that way. This is a bound morpheme rarely appearing alone.
0%
In, at, on, to, from.
0%
A more formal 的. Uncommon in spoken Chinese.
0%
All, both.
0%
To look, see, watch, read.
0%
To rise, start, get up, raise.
0%
To send, issue, emit, grow/start/develop.
0%
To be or serve as. Often when discussing a profession.
0%
Like, as if, such as, if. It's formal and somewhat poetic. I love it preceding 比 meaning for example.
0%
Refers to intangible things like events, business, problems or issues.
0%
rearranges sentence structure preceding the object and highlighting what you're doing to it.
0%
Still, yet, indicates something continues to happen.
0%
To use. Explains how or with what you're doing something.
0%
Turns regular numbers into ordinal numbers (first, second, third, etc...).
0%
Regarding style, appearance or kind. Frequently used in "what kind" and "how" phrases.
0%
Always, consistently, generally. Could also be a noun component adding boss energy.
0%
From, come from, via.
0%
No, not, without.
0%
Name, title, ranking.
0%
Law, method, way, rule.
0%
Between, room, space, interval.
0%
The world, the age, society.
0%
Almost always used as the first part of the word "what"
0%
The number two when it precedes measure words.
0%
Time, as an occurence. "One time I went there."
0%
Body, self, life.
0%
Passive marker similar to "is" or "was done by" in english.
0%
High, tall, elevated. It describes height, level or rank.
0%
Please.
0%
Oneself, self. Rarely used by itself.
0%
No matching quizzes found
Score Distribution
Percent of People with Each Score
Percentile by Number Answered
Your Score History
You have not taken this quiz